<?xml version="1.0" encoding="UTF-8"?>
<record
    xmlns:xsi="http://www.w3.org/2001/XMLSchema-instance"
    xsi:schemaLocation="http://www.loc.gov/MARC21/slim http://www.loc.gov/standards/marcxml/schema/MARC21slim.xsd"
    xmlns="http://www.loc.gov/MARC21/slim">

  <leader>00515nam a2200181 a 4500</leader>
  <datafield tag="020" ind1=" " ind2=" ">
    <subfield code="a">8131522695 (paperback)</subfield>
  </datafield>
  <datafield tag="020" ind1=" " ind2=" ">
    <subfield code="a">9788131522691 (paperback)</subfield>
  </datafield>
  <datafield tag="082" ind1=" " ind2=" ">
    <subfield code="a">543 SKO</subfield>
  </datafield>
  <datafield tag="100" ind1="1" ind2=" ">
    <subfield code="a">Holler, Crouch, Skoog.</subfield>
    <subfield code="9">464</subfield>
  </datafield>
  <datafield tag="245" ind1="1" ind2="0">
    <subfield code="a">Fundamentals of analytical chemistry /</subfield>
  </datafield>
  <datafield tag="250" ind1=" " ind2=" ">
    <subfield code="a">9th ed.</subfield>
  </datafield>
  <datafield tag="260" ind1=" " ind2=" ">
    <subfield code="a">[S.l.] :</subfield>
    <subfield code="b">Cengage,</subfield>
    <subfield code="c">2013.</subfield>
  </datafield>
  <datafield tag="300" ind1=" " ind2=" ">
    <subfield code="a">1050p</subfield>
  </datafield>
  <datafield tag="520" ind1=" " ind2=" ">
    <subfield code="a">Brand new.</subfield>
  </datafield>
  <datafield tag="650" ind1=" " ind2=" ">
    <subfield code="a">analytical chemistry</subfield>
    <subfield code="9">465</subfield>
  </datafield>
  <datafield tag="856" ind1="4" ind2="0">
    <subfield code="u">http://www.amazon.com/exec/obidos/ASIN/8131522695/chopaconline-20</subfield>
  </datafield>
  <datafield tag="942" ind1=" " ind2=" ">
    <subfield code="c">BK</subfield>
  </datafield>
  <datafield tag="999" ind1=" " ind2=" ">
    <subfield code="c">2320</subfield>
    <subfield code="d">2320</subfield>
  </datafield>
  <datafield tag="952" ind1=" " ind2=" ">
    <subfield code="0">0</subfield>
    <subfield code="1">0</subfield>
    <subfield code="7">0</subfield>
    <subfield code="8">NFIC</subfield>
    <subfield code="a">IC</subfield>
    <subfield code="b">IC</subfield>
    <subfield code="c">GEN</subfield>
    <subfield code="d">2015-10-19</subfield>
    <subfield code="g">2888.00</subfield>
    <subfield code="l">31</subfield>
    <subfield code="m">1</subfield>
    <subfield code="o">543 SKO</subfield>
    <subfield code="p">007016</subfield>
    <subfield code="r">2019-02-23 00:00:00</subfield>
    <subfield code="s">2019-02-02</subfield>
    <subfield code="y">REF</subfield>
  </datafield>
  <datafield tag="952" ind1=" " ind2=" ">
    <subfield code="0">0</subfield>
    <subfield code="1">0</subfield>
    <subfield code="7">0</subfield>
    <subfield code="8">NFIC</subfield>
    <subfield code="a">IC</subfield>
    <subfield code="b">IC</subfield>
    <subfield code="c">GEN</subfield>
    <subfield code="d">2019-10-18</subfield>
    <subfield code="g">0.00</subfield>
    <subfield code="l">36</subfield>
    <subfield code="m">6</subfield>
    <subfield code="o">543 SKO</subfield>
    <subfield code="p">007448</subfield>
    <subfield code="r">2026-03-24 11:50:56</subfield>
    <subfield code="s">2026-03-23</subfield>
    <subfield code="y">BK</subfield>
  </datafield>
  <datafield tag="952" ind1=" " ind2=" ">
    <subfield code="0">0</subfield>
    <subfield code="1">0</subfield>
    <subfield code="7">0</subfield>
    <subfield code="8">NFIC</subfield>
    <subfield code="a">IC</subfield>
    <subfield code="b">IC</subfield>
    <subfield code="c">GEN</subfield>
    <subfield code="d">2019-10-18</subfield>
    <subfield code="g">0.00</subfield>
    <subfield code="l">33</subfield>
    <subfield code="m">9</subfield>
    <subfield code="o">543 SKO</subfield>
    <subfield code="p">007449</subfield>
    <subfield code="r">2025-08-26 12:53:08</subfield>
    <subfield code="s">2025-08-05</subfield>
    <subfield code="y">BK</subfield>
  </datafield>
  <datafield tag="952" ind1=" " ind2=" ">
    <subfield code="0">0</subfield>
    <subfield code="1">0</subfield>
    <subfield code="7">0</subfield>
    <subfield code="8">NFIC</subfield>
    <subfield code="a">IC</subfield>
    <subfield code="b">MLCampus</subfield>
    <subfield code="c">GEN</subfield>
    <subfield code="d">2020-09-12</subfield>
    <subfield code="l">21</subfield>
    <subfield code="m">2</subfield>
    <subfield code="o">543 SKO</subfield>
    <subfield code="p">007460</subfield>
    <subfield code="r">2026-06-01 04:05:29</subfield>
    <subfield code="s">2026-05-19</subfield>
    <subfield code="w">2020-09-12</subfield>
    <subfield code="y">BK</subfield>
  </datafield>
  <datafield tag="952" ind1=" " ind2=" ">
    <subfield code="0">0</subfield>
    <subfield code="1">0</subfield>
    <subfield code="7">0</subfield>
    <subfield code="8">NFIC</subfield>
    <subfield code="a">MLCampus</subfield>
    <subfield code="b">MLCampus</subfield>
    <subfield code="c">GEN</subfield>
    <subfield code="d">2022-11-18</subfield>
    <subfield code="l">28</subfield>
    <subfield code="m">6</subfield>
    <subfield code="o">543 SKO</subfield>
    <subfield code="p">007474</subfield>
    <subfield code="r">2026-05-20 05:37:31</subfield>
    <subfield code="s">2026-05-07</subfield>
    <subfield code="w">2022-11-18</subfield>
    <subfield code="y">BK</subfield>
  </datafield>
  <datafield tag="952" ind1=" " ind2=" ">
    <subfield code="0">0</subfield>
    <subfield code="1">0</subfield>
    <subfield code="7">0</subfield>
    <subfield code="8">NFIC</subfield>
    <subfield code="a">MLCampus</subfield>
    <subfield code="b">IC</subfield>
    <subfield code="c">GEN</subfield>
    <subfield code="d">2022-11-18</subfield>
    <subfield code="l">25</subfield>
    <subfield code="m">7</subfield>
    <subfield code="o">543 SKO</subfield>
    <subfield code="p">007475</subfield>
    <subfield code="q">2026-06-10</subfield>
    <subfield code="r">2026-05-20 10:19:47</subfield>
    <subfield code="s">2026-05-20</subfield>
    <subfield code="w">2022-11-18</subfield>
    <subfield code="y">BK</subfield>
  </datafield>
  <datafield tag="952" ind1=" " ind2=" ">
    <subfield code="0">0</subfield>
    <subfield code="1">0</subfield>
    <subfield code="7">0</subfield>
    <subfield code="8">NFIC</subfield>
    <subfield code="a">IC</subfield>
    <subfield code="b">MLCampus</subfield>
    <subfield code="c">GEN</subfield>
    <subfield code="d">2022-11-18</subfield>
    <subfield code="l">28</subfield>
    <subfield code="m">6</subfield>
    <subfield code="o">543 SKO</subfield>
    <subfield code="p">007476</subfield>
    <subfield code="r">2026-03-10 12:17:39</subfield>
    <subfield code="s">2026-03-03</subfield>
    <subfield code="w">2022-11-18</subfield>
    <subfield code="y">BK</subfield>
  </datafield>
  <datafield tag="952" ind1=" " ind2=" ">
    <subfield code="0">0</subfield>
    <subfield code="1">0</subfield>
    <subfield code="7">0</subfield>
    <subfield code="8">NFIC</subfield>
    <subfield code="a">MLCampus</subfield>
    <subfield code="b">MLCampus</subfield>
    <subfield code="c">GEN</subfield>
    <subfield code="d">2022-11-18</subfield>
    <subfield code="l">26</subfield>
    <subfield code="m">5</subfield>
    <subfield code="o">543 SKO</subfield>
    <subfield code="p">007477</subfield>
    <subfield code="r">2026-03-14 09:15:47</subfield>
    <subfield code="s">2026-03-08</subfield>
    <subfield code="w">2022-11-18</subfield>
    <subfield code="y">BK</subfield>
  </datafield>
  <datafield tag="952" ind1=" " ind2=" ">
    <subfield code="0">0</subfield>
    <subfield code="1">0</subfield>
    <subfield code="7">0</subfield>
    <subfield code="8">NFIC</subfield>
    <subfield code="a">IC</subfield>
    <subfield code="b">IC</subfield>
    <subfield code="c">GEN</subfield>
    <subfield code="d">2022-11-18</subfield>
    <subfield code="l">1</subfield>
    <subfield code="o">543 SKO</subfield>
    <subfield code="p">007478</subfield>
    <subfield code="r">2023-03-20 00:00:00</subfield>
    <subfield code="s">2023-03-20</subfield>
    <subfield code="w">2022-11-18</subfield>
    <subfield code="y">REF</subfield>
  </datafield>
  <datafield tag="952" ind1=" " ind2=" ">
    <subfield code="0">0</subfield>
    <subfield code="1">0</subfield>
    <subfield code="7">0</subfield>
    <subfield code="a">IC</subfield>
    <subfield code="b">IC</subfield>
    <subfield code="d">2022-11-08</subfield>
    <subfield code="l">27</subfield>
    <subfield code="m">6</subfield>
    <subfield code="o">543 SKO</subfield>
    <subfield code="p">004627</subfield>
    <subfield code="r">2026-03-24 07:53:59</subfield>
    <subfield code="s">2026-03-04</subfield>
    <subfield code="w">2022-11-18</subfield>
    <subfield code="y">BK</subfield>
  </datafield>
</record>
